000 00767nam a22002297a 4500
999 _c143653
_d143653
005 20230406135522.0
010 _aENG-119920
020 _c1595.00
035 _aEN-103452
037 _bDBAD/PUB
082 _a342.5406
100 _aBanerjee, Bhagabati Prosad
245 _aJudicial control of administrative action /
_cby Bhagabati Prosad Banerjee [and] Bhaskar Prosad Banerjee
250 _a2nd ed.
260 _aGurgaon
_bLexis Nexis
_c2012
270 _a14th floor, Building No 10, Tower-B, DLF Cyber City, Phase-II,
_bGurgaon
_e122002
300 _acxcvii,1451p.
_c25cm(Hb)
500 _a Includes index
500 _aIncludes the price list November 2011
700 _aBanerjee, Bhaskar Prosad
942 _2ddc
_cEN
_h342.5406
_mBAN